Kinnaur : (Record no. 39895)

MARC details
000 -LEADER
fixed length control field 00739nam a22002057a 4500
005 - DATE AND TIME OF LATEST TRANSACTION
control field 20100806154752.0
010 ## - LCCN (DPL NO)
LC control number ENG-98734
020 ## - INTERNATIONAL STANDARD BOOK NUMBER
International Standard Book Number 9788173872235
Terms of availability 600.00
035 ## - SYSTEM CONTROL NUMBER
System control number ENG-82266
037 ## - SOURCE OF ACQUISITION
Source of stock number/acquisition DBAD/PUB
082 ## - DEWEY DECIMAL CLASSIFICATION NUMBER
Classification number 954.52
100 ## - MAIN ENTRY--PERSONAL NAME
Personal name Handa, O.C.
245 ## - TITLE STATEMENT
Title Kinnaur :
Remainder of title unfolding exotic Himalayan land /
Statement of responsibility, etc by O.C. Handa
260 ## - PUBLICATION, DISTRIBUTION, ETC. (IMPRINT)
Place of publication, distribution, etc New Delhi
Name of publisher, distributor, etc Indus Publishing
Date of publication, distribution, etc 2009
270 ## - ADDRESS
Address FS-5, Tagore Garden,
City New Delhi
Postal code 110027
300 ## - PHYSICAL DESCRIPTION
Extent 320p.
Dimensions 22cm (Hb)
500 ## - GENERAL NOTE
General note Includes bibliographical references and index
942 ## - ADDED ENTRY ELEMENTS (KOHA)
Source of classification or shelving scheme Dewey Decimal Classification
Item type English Books
Classification part 954.52
Call number suffix HAN
Holdings
Withdrawn status Lost status Not for loan Collection code Home library Current library Date acquired Source of acquisition Cost, normal purchase price Full call number Barcode Copy number Cost, replacement price Koha item type
    Not For Loan Non-fiction D.B.Act.Division D.B.Act.Division 06/08/2010 DBAD/PUB 600.00 954.52 HAN EN-82266 1 600.00 English Books

© Delhi Public Library
Hit Counter
free hit counter